Optimal income taxation: liner versus quadratic (Record no. 40342)

000 -LEADER
fixed length control field 00330pab a2200133 454500
008 - FIXED-LENGTH DATA ELEMENTS--GENERAL INFORMATION
fixed length control field 180718b1996 xxu||||| |||| 00| 0 eng d
100 ## - MAIN ENTRY--PERSONAL NAME
Personal name Yunker, James A.
245 ## - TITLE STATEMENT
Title Optimal income taxation: liner versus quadratic
260 ## - PUBLICATION, DISTRIBUTION, ETC.
Date of publication, distribution, etc. 1996
300 ## - PHYSICAL DESCRIPTION
Extent p.476-92
650 ## - SUBJECT ADDED ENTRY--TOPICAL TERM
Topical term or geographic name entry element Income tax
773 ## - HOST ITEM ENTRY
Main entry heading Public Finance
909 ## -
-- 40342
Holdings
Withdrawn status Lost status Damaged status Not for loan Permanent Location Current Location Date acquired Serial Enumeration / chronology Barcode Date last seen Price effective from Koha item type
        Indian Institute of Public Administration Indian Institute of Public Administration 2018-07-19 Volume no: 51, Issue no: 3 AR40717 2018-07-19 2018-07-19 Articles

Powered by Koha